| 000 | 02403nam a22002537a 4500 | ||
|---|---|---|---|
| 003 | URS | ||
| 005 | 20250930091859.0 | ||
| 008 | 250930b |||||||| |||| 00| 0 eng d | ||
| 050 | 0 | 0 |
_aLG 221.R59 _b.M761 2025 |
| 100 | 1 |
_aMontallana, Trixie Flor D. _eResearcher |
|
| 245 | 1 | 0 |
_aChallenges Encountered by Non-Science Majors Teaching Science / _cTrixie Flor D. Montallana, Roselyn V. Noel, [and] Baby Jane P. Omabay |
| 260 | _c2025 | ||
| 300 |
_axii, 96 leaves; _billustrations, _c28 cm. |
||
| 336 |
_2rdacontent _atext |
||
| 337 |
_2rdamedia _aunmediated |
||
| 338 |
_2rdacarrier _avolume |
||
| 502 |
_aUndergraduate Thesis _bBachelor of Secondary Education Major in Science _cUniversity of Rizal System, Rodriguez, Rizal _d2025 |
||
| 520 | _aThis study investigates the challenges encountered by non-science major teachers in teaching science subjects. Through a mixed methods approach, the research explores the specific difficulties faced by these educators, including language barriers, teaching strategies, experiment handling, and the overall context of science. Data were collected from 30 non-science major teachers in selected schools in the Division of Rizal, Philippines, using a survey questionnaire and checklist. The findings reveal that non-science major teachers face significant challenges in teaching science, particularly in incorporating scientific terminology, simplifying complex concepts, and using diverse teaching strategies. These challenges are consistent across different teacher profiles, highlighting the inherent difficulties of teaching a subject outside one's area of expertise. To address these challenges, the study recommends targeted professional development for non-science major teachers, including workshops, mentoring programs, and collaborative teaching opportunities. Additionally, the importance of providing supplemental learning resources for students and fostering a supportive learning environment is emphasized. By addressing these challenges and providing appropriate support, schools can enhance the quality of science education and ensure that all students have access to effective instruction, regardless of their teacher's background. | ||
| 650 | _2NON-SCIENCE MAJOR TEACHING SCIENCE | ||
| 700 |
_aNoel, Roselyn V. _eResearcher |
||
| 700 |
_aOmabay, Baby Jane P. _eResearcher |
||
| 700 |
_aGarcia, Michelle R. _eAdviser |
||
| 942 |
_2lcc _cT |
||
| 999 |
_c86977 _d86975 |
||